Library Banner

Human physiology : (Record no. 125666)

MARC details
000 -LEADER
fixed length control field 00566nam a2200217Ia 4500
001 - CONTROL NUMBER
control field 43784
005 - DATE AND TIME OF LATEST TRANSACTION
control field 20220216112336.0
008 - FIXED-LENGTH DATA ELEMENTS--GENERAL INFORMATION
fixed length control field 140425s9999 xx 000 0 und d
020 ## - INTERNATIONAL STANDARD BOOK NUMBER
International Standard Book Number 9781285866932
040 ## - CATALOGING SOURCE
Transcribing agency PK-LaUMT
082 ## - DEWEY DECIMAL CLASSIFICATION NUMBER
Classification number 612
Item number SHE-H
100 ## - MAIN ENTRY--PERSONAL NAME
Personal name Sherwood, Lauralee
245 ## - TITLE STATEMENT
Title Human physiology :
Remainder of title from cells to systems /
Statement of responsibility, etc by Lauralee Sherwood
250 ## - EDITION STATEMENT
Edition statement 10th ed. [pirated]
260 ## - PUBLICATION, DISTRIBUTION, ETC. (IMPRINT)
Place of publication, distribution, etc Boston :
Name of publisher, distributor, etc Cengage Learning,
Date of publication, distribution, etc 2021
300 ## - PHYSICAL DESCRIPTION
Extent 772 p.
546 ## - LANGUAGE NOTE
Language note EN
650 ## - SUBJECT ADDED ENTRY--TOPICAL TERM
Topical term or geographic name as entry element Human physiology
650 ## - SUBJECT ADDED ENTRY--TOPICAL TERM
Topical term or geographic name as entry element Human biology
942 ## - ADDED ENTRY ELEMENTS (KOHA)
Koha item type Books
Holdings
Withdrawn status Lost status Damaged status Home library Current library Date acquired Full call number Barcode Date last seen Price effective from Koha item type Copy number
      UMT Health Sciences Campus UMT Health Sciences Campus 2022-02-16 612 SHE-H 141820 2026-06-01 2022-02-16 Books  
      UMT Health Sciences Campus UMT Health Sciences Campus 2022-02-16 612 SHE-H 141821 2026-01-12 2022-02-16 Books C.2
      UMT Health Sciences Campus UMT Health Sciences Campus 2022-02-16 612 SHE-H 141822 2026-01-12 2022-02-16 Books C.3
      UMT Health Sciences Campus UMT Health Sciences Campus 2022-02-16 612 SHE-H 141823 2026-01-09 2022-02-16 Books C.4
      UMT Health Sciences Campus UMT Health Sciences Campus 2022-02-16 612 SHE-H 141824 2026-01-26 2022-02-16 Books C.5
      UMT Health Sciences Campus UMT Health Sciences Campus 2022-02-16 612 SHE-H 141825 2025-12-17 2022-02-16 Books C.6
      UMT Health Sciences Campus UMT Health Sciences Campus 2022-02-16 612 SHE-H 141826 2026-02-09 2022-02-16 Books C.7
      UMT Health Sciences Campus UMT Health Sciences Campus 2022-02-16 612 SHE-H 141827 2025-11-17 2022-02-16 Books C.8
      UMT Health Sciences Campus UMT Health Sciences Campus 2022-02-16 612 SHE-H 141828 2026-05-02 2022-02-16 Books C.9
      UMT Health Sciences Campus UMT Health Sciences Campus 2022-02-16 612 SHE-H 141829 2026-01-08 2022-02-16 Books C.10
      UMT Health Sciences Campus UMT Health Sciences Campus 2022-02-16 612 SHE-H 141830 2023-11-29 2022-02-16 Books C.11
      UMT Health Sciences Campus UMT Health Sciences Campus 2022-02-16 612 SHE-H 141831 2025-12-15 2022-02-16 Books C.12
      UMT Health Sciences Campus UMT Health Sciences Campus 2022-02-16 612 SHE-H 141832 2026-04-12 2022-02-16 Books C.13
      UMT Health Sciences Campus UMT Health Sciences Campus 2022-02-16 612 SHE-H 141833 2023-10-30 2022-02-16 Books C.14
      UMT Health Sciences Campus UMT Health Sciences Campus 2022-02-16 612 SHE-H 141834 2025-11-28 2022-02-16 Books C.15
      UMT Health Sciences Campus UMT Health Sciences Campus 2023-05-26 612 SHE-H 144934 2026-01-27 2023-05-26 Books C.16
      UMT Health Sciences Campus UMT Health Sciences Campus 2023-05-26 612 SHE-H 144935 2025-12-19 2023-05-26 Books C.17
      UMT Health Sciences Campus UMT Health Sciences Campus 2023-05-26 612 SHE-H 144936 2026-01-09 2023-05-26 Books C.18
      UMT Health Sciences Campus UMT Health Sciences Campus 2023-05-26 612 SHE-H 144937 2026-04-07 2023-05-26 Books C.19
      UMT Health Sciences Campus UMT Health Sciences Campus 2023-05-26 612 SHE-H 144938 2025-12-17 2023-05-26 Books C.20
      UMT Health Sciences Campus UMT Health Sciences Campus 2023-05-26 612 SHE-H 144939 2026-02-13 2023-05-26 Books C.21
      UMT Health Sciences Campus UMT Health Sciences Campus 2023-05-26 612 SHE-H 144940 2026-02-16 2023-05-26 Books C.22
      UMT Health Sciences Campus UMT Health Sciences Campus 2023-05-26 612 SHE-H 144941 2026-07-03 2023-05-26 Books C.23
      UMT Health Sciences Campus UMT Health Sciences Campus 2023-05-26 612 SHE-H 144942 2025-11-27 2023-05-26 Books C.24
      UMT Health Sciences Campus UMT Health Sciences Campus 2023-05-26 612 SHE-H 144943 2026-05-07 2023-05-26 Books C.25